000 01895nam a22004097a 4500
003 OSt
005 20230413140047.0
008 221006b |||||||| |||| 00| 0 eng d
040 _cBiblioteca Lado V
082 _a700
_bK41a
100 _9798
_aAcosta de Arriba, Rafael
_eeditor
_edirector
245 _aArte Cubano/
_bRevista de Artes Visuales/
260 _bConsejo Nacional de las Artes Plasticas
_c2002
_aCuba
300 _c22x32cm
_a78p.
366 _espa
490 _v2002
_a2 y 3
_x1024 8439
505 _tMarcelo Pogolotti La visualidad non e finita
505 _tEl grado cero de la utopia
505 _tLa espada y la cuerda
505 _tRuta Critica
_aArte rodante Intercambio miradas: Una exposicion de arte de Cuba en Hamburgo Dicciones de alquimia: La obra de Ernesto Benitez El arte de las cautelas o las cautelas del arte Otra vuelta de pintura
505 _tDossier Wilfredo Lam
505 _tPensando Alto A cargo de Magaly Espinosa
_aRuptura y restauraciones
505 _tHistorieta
_aLa renuncia
505 _tEntrevista/Leandro Soto
_aHago todo lo posible por estar despierto Di con quien andas y sabre quien eres De piedras y apel: testigos necesarios
505 _tOtros espacios...
_aEl diseno del libro cubano en los 90
505 _tSummary
650 _2Tesauro de Arte & Arquitectura
_aARTE
_9703
650 _2Tesauro de Arte & Arquitectura
_aEXPOSICIONES
650 _2Tesauro de Arte & Arquitectura
_aBIENAL
650 _2Tesauro de Arte & Arquitectura
_aAPRECIACION
650 _2Tesauro de Arte & Arquitectura
_aTEORIA
650 _2Tesauro de Arte & Arquitectura
_aCRITICA
650 _2Tesauro de Arte & Arquitectura
_aFOTOGRAFIA
_9702
650 _2Tesauro de Arte & Arquitectura
_aLITERATURA
650 _2Tesauro de Arte & Arquitectura
_aCUBANO
942 _2ddc
_c1
_h701.18
_iA185a
_n0
999 _c3370
_d3370